|
|
|
|
| LEADER |
00000nam a2200000 i 4500 |
| 001 |
DIGAUHUM0038 |
| 003 |
NyNyDIG |
| 007 |
cr ||||||||||| |
| 008 |
250502s2024 ck a ob 000 0 spa d |
| 006 |
m o d |
| 035 |
|
|
|a (OCoLC)1519504043
|
| 040 |
|
|
|a DGITA
|b eng
|e rda
|e pn
|c DGITA
|
| 020 |
|
|
|a 9786287700598
|q (versión digital)
|
| 020 |
|
|
|z 9786287700581
|q (versión impresa)
|
| 043 |
|
|
|a e-rm---
|
| 050 |
1 |
4 |
|a HX373.5 ebook
|
| 100 |
1 |
|
|a Dobre, Claudia-Florentina,
|e author.
|
| 245 |
1 |
0 |
|a Historia y memoria en Rumania postcomunista /
|c Claudia-Florentina Dobre ; Cristian Vasile, prefacio ; Miguel Ángel Gómez Mendoza, traductor.
|
| 250 |
|
|
|a Primera edición.
|
| 264 |
|
1 |
|a Bogotá :
|b Editorial Aula de Humanidades,
|c 2024.
|
| 300 |
|
|
|a 1 online resource :
|b illustrations.
|
| 336 |
|
|
|a text
|b txt
|2 rdacontent
|
| 337 |
|
|
|a computer
|b c
|2 rdamedia
|
| 338 |
|
|
|a online resource
|b cr
|2 rdacarrier
|
| 347 |
|
|
|a text file
|2 rdaft
|
| 347 |
|
|
|b PDF
|
| 490 |
1 |
|
|a Colección general
|
| 504 |
|
|
|a Includes bibliographical references.
|
| 588 |
0 |
|
|a Online resource; title from PDF title page (Digitalia, viewed May 2, 2025)
|
| 650 |
|
0 |
|a Communism
|z Romania
|x History
|y 20th century.
|
| 650 |
|
0 |
|a Anti-communist movements
|z Romania
|x History
|y 20th century.
|
| 650 |
|
0 |
|a Government, Resistance to
|z Romania
|x History
|y 20th century.
|
| 700 |
1 |
|
|a Vasile, Cristian,
|d 1976-
|e contributor agent of text.
|
| 700 |
1 |
|
|a Gómez M., Miguel Ángel
|q (Gómez Mendoza),
|e translator.
|
| 791 |
2 |
|
|a Digitalia (Firm),
|e distributor.
|
| 793 |
0 |
|
|g Digitalia eBook Collection:
|a Editorial Aula de Humanidades
|
| 776 |
0 |
8 |
|i Print version:
|a Dobre, Claudia-Florentina.
|t Historia y memoria en Rumania postcomunista.
|b Primera edición.
|d Bogotá : Editorial Aula de Humanidades, [2024]
|z 9786287700581
|
| 830 |
|
0 |
|a Colección general (Editorial Aula de Humanidades)
|
| 856 |
4 |
0 |
|3 Digitalia Hispánica
|u https://www.digitaliapublishing.com/a/170626/
|
| 910 |
|
|
|a Premium collection: 2025
|